000
00292nam a2200121Ia 4500
008
190216s9999||||xx |||||||||||||| ||und||
100
_a
Dr.B B S Kapoor
245
0
_a
Hindi-Payovarniy Njanagosh
260
_b
Nidhi Sahithya Sahithya Pusthak
300
_a
136
650
_a
Hindi
942
_c
BK
999
_c
16685
_d
16685